Normal view
MARC view
- رواشدة،إبراهيم مؤلف/الجراح،ضياء م.مشارك/الطيطي،محمد م.مشارك/الطعاني،وحيد م.مشارك/الحسون،عدنان م.مشارك
Entry Personal Name
001 - CONTROL NUMBER
- control field: 22504
003 - CONTROL NUMBER IDENTIFIER
- control field: JO-AjAnu
005 - DATE AND TIME OF LATEST TRANSACTION
- control field: 20230606073901.0
008 - FIXED-LENGTH DATA ELEMENTS
- fixed length control field: 230606|| aca||aabn | a|a d
040 ## - CATALOGING SOURCE
- Original cataloging agency: JO-AjAnu
- Transcribing agency: JO-AjAnu
100 ## - HEADING--PERSONAL NAME
- Personal name: رواشدة،إبراهيم مؤلف/الجراح،ضياء م.مشارك/الطيطي،محمد م.مشارك/الطعاني،وحيد م.مشارك/الحسون،عدنان م.مشارك
670 ## - SOURCE DATA FOUND
- Source citation: Work cat.: (JO-AjAnu)11567: رواشدة،إبراهيم مؤلف/الجراح،ضياء م.مشارك/الطيطي،محمد م.مشارك/الطعاني،وحيد م.مشارك/الحسون،عدنان م.مشارك, author, أساليب تدريس العلوم والرياضيات (لمرحلة رياض الأطفال والأساسية الدنيا)